00956nam a2200205 a 4500008004100000020001500041050001800056100002200074245003700096260002800133300002100161350000900182650001400191650003600205650004000241995015300281995015300434995014600587999001700733120416s1981 ||||||||||||||||| || u a0434923001 aHF 5415.3 Wil aWilliams, Keith C10aBehavioural aspects of marketing aLondonbHeinemannc1981 aix, 235p. : ill. a0.00 aCONSUMERS aMOTIVATION RESEARCH (MARKETING) 0aMARKETING--MANAGEMENT--CASE STUDIES aMAIN LIBRARY OPEN ACCESSD0.00e724953FCBU-MAIN LIBRARY (Kitwe)H2I12.00jHF 5415.3 WilM2UAVAILABLEy005637ZMain Library Open Access Collection aMAIN LIBRARY OPEN ACCESSD0.00e720221FCBU-MAIN LIBRARY (Kitwe)H1I12.00jHF 5415.3 WilM1UAVAILABLEy008140ZMain Library Open Access Collection aTEXTBOOKS (SB)D0.00e01338FCBU-SCHOOL TEXTBOOK COLLECTIONSH1I0.00jSCHOOL TEXTBOOKM2UAVAILABLEWSep 23, 2009y01338ZSchool Collections c84609d84609